000 00728nam a2200253 i 4500
001 C2-0256816
003 PPAK
005 20180727224106.0
008 040805s2003 my |||| ||||| | may d
020 _a9832202078
040 _aPPAK
_beng
_cPPAK
_erda
082 0 4 _a297.3822
_223
090 0 0 _a297.3822
_bBIM
_dG
090 0 0 _a297.3822
_bBIM
_dR
245 0 0 _aBimbingan, penghayatan dan kesempurnaan solat
264 1 _aRawang, Selangor :
_bPenerbitan Nadi Minda ,
_c2003
300 _axxv, 763 pages ;
_c23 cm
336 _2rdacontent
_atext
337 _2rdamedia
_aunmediated
338 _2rdacarrier
_avolume
650 1 0 _aIslam - Prayer - Books and devotions.
700 0 _aJohari Yaman,
_ecompile
942 _ddc
_cB
999 _c68911
_d68911